[Event "Championship Meridian 2015"]
[Site "?"]
[Date "2015.07.19"]
[Round "7.3"]
[White "Yanchenko, Roman"]
[Black "Smirnov, Pavel"]
[Result "1-0"]
[WhiteElo "2457"]
[BlackElo "2656"]
[PlyCount "91"]
[EventDate "2015.??.??"]

1. d4 Nf6 2. Nf3 d5 3. c4 e6 4. Nc3 c6 5. e3 Nbd7 6. Bd3 dxc4 7. Bxc4 b5 8. Bd3
Bb7 9. Qc2 a6 10. Ne4 Rc8 11. O-O c5 12. Nxf6+ Qxf6 13. Qe2 Bd6 14. a4 c4 15.
Bc2 O-O 16. e4 e5 17. d5 Bc5 18. axb5 axb5 19. b3 cxb3 20. Bxb3 b4 21. Bb2 Qd6
22. Nd2 Nb6 23. Kh1 Ra8 24. Rxa8 Rxa8 25. Rc1 Ba6 26. Qf3 f6 27. Nf1 Rc8 28.
Ne3 g6 29. h4 Rc7 30. h5 Bc8 31. Ng4 Bxg4 32. Qxg4 Re7 33. Rxc5 Qxc5 34. d6+
Kg7 35. dxe7 Qxe7 36. Bc1 g5 37. Be3 Nd7 38. Ba4 Nc5 39. Bd1 b3 40. Bxc5 Qxc5
41. Qd7+ Kh6 42. Qf7 Qd6 43. Bxb3 g4 44. g3 Qc6 45. Be6 Qxe4+ 46. Kh2 1-0

[Event "Championship Meridian 2015"]
[Site "?"]
[Date "2015.07.19"]
[Round "7.4"]
[White "Maletin, Pavel"]
[Black "Zablotsky, Sergei"]
[Result "1/2-1/2"]
[WhiteElo "2609"]
[BlackElo "2455"]
[PlyCount "165"]
[EventDate "2015.??.??"]

1. c4 e5 2. g3 g6 3. Bg2 Bg7 4. Nc3 d6 5. e3 Nc6 6. Nge2 Nge7 7. O-O Be6 8. Nd5
O-O 9. d3 Rb8 10. Nec3 a6 11. b4 b5 12. Rb1 f5 13. cxb5 axb5 14. a4 bxa4 15.
Qxa4 Nxd5 16. Nxd5 Ne7 17. Nxe7+ Qxe7 18. Bd2 e4 19. Qc2 Bd5 20. b5 Rb7 21. Bc3
Rfb8 22. Bxg7 Kxg7 23. Qa4 Qe5 24. dxe4 Bxe4 25. Bxe4 fxe4 26. Rb4 Rxb5 27.
Rxe4 Qf6 28. Rc1 c5 29. Rd1 R8b7 30. Rf4 Qe5 31. Qa8 Qe7 32. Qa2 Qe5 33. Qa8
Qe7 34. h4 Rb4 35. Qa1+ Qe5 36. Rxb4 cxb4 37. Qa6 Qe4 38. Rd4 Qe7 39. Qxd6 Qxd6
40. Rxd6 b3 41. Rd1 Kf6 42. Kf1 Ke5 43. Ke2 b2 44. Rb1 h5 45. Kd3 Kd5 46. Kc3
Ke4 47. Rxb2 Rc7+ 48. Kd2 Kf3 49. Kd3 Rd7+ 50. Kc3 Rd6 51. Kc4 Rd7 52. Rc2 Rd6
53. Kc3 Rc6+ 54. Kd2 Rb6 55. Kc1 Rd6 56. Rd2 Rc6+ 57. Kd1 Ra6 58. Kc2 Rc6+ 59.
Kd3 Rd6+ 60. Kc3 Rc6+ 61. Kb3 Rc7 62. Kb4 Rc6 63. Kb3 Rc7 64. Rc2 Rb7+ 65. Kc3
Rc7+ 66. Kb2 Rd7 67. Kc1 Rd6 68. Rd2 Rc6+ 69. Kd1 Ra6 70. Kc2 Rc6+ 71. Kb3 Rc7
72. Rc2 Rb7+ 73. Ka3 Rb6 74. Rb2 Ra6+ 75. Kb4 Rc6 76. Kb3 Rc7 77. Kb4 Rc6 78.
Kb5 Rc3 79. Kb6 Rc8 80. Rd2 Rc3 81. Kb5 Rc8 82. Kb4 Rc6 83. Kb3 1/2-1/2

[Event "Championship Meridian 2015"]
[Site "?"]
[Date "2015.07.19"]
[Round "7.5"]
[White "Bocharov, Dmitry"]
[Black "Goganov, Aleksey"]
[Result "0-1"]
[WhiteElo "2530"]
[BlackElo "2601"]
[PlyCount "88"]
[EventDate "2015.??.??"]

1. d4 Nf6 2. c4 e6 3. Nc3 Bb4 4. e3 O-O 5. Nge2 d5 6. a3 Be7 7. cxd5 exd5 8.
Nf4 Re8 9. Bd3 c6 10. O-O Nbd7 11. f3 Nb6 12. Kh1 c5 13. a4 cxd4 14. exd4 a5
15. g4 h6 16. Rg1 Nh7 17. b3 Nf8 18. Ra2 Bf6 19. Nb5 Bd7 20. Nh5 Ne6 21. Rag2
Rc8 22. g5 hxg5 23. Nxf6+ Qxf6 24. Bxg5 Nxg5 25. Rxg5 Bxb5 26. Bxb5 Re6 27.
R5g3 g6 28. Qd2 Rc7 29. Qxa5 Qxd4 30. Qa7 Kg7 31. a5 Rc5 32. Bf1 Nc8 33. Qxb7
Nd6 34. Qa7 Nf5 35. Rh3 Re1 36. Qb8 Nh6 37. a6 Rcc1 38. Rxh6 Kxh6 39. Qf8+ Qg7
40. Qb4 Qf6 41. Qd2+ Kg7 42. Qf2 Qa1 43. Kg2 d4 44. h4 d3 0-1

[Event "Championship Meridian 2015"]
[Site "?"]
[Date "2015.07.19"]
[Round "7.6"]
[White "Borodinov, Dmitri"]
[Black "Shomoev, Anton"]
[Result "1/2-1/2"]
[WhiteElo "2331"]
[BlackElo "2580"]
[PlyCount "120"]
[EventDate "2015.??.??"]

1. d4 g6 2. e4 Bg7 3. Nc3 d6 4. Nf3 Nf6 5. Be2 O-O 6. O-O c6 7. a4 Qc7 8. h3
Nbd7 9. Re1 b6 10. Bf1 e5 11. dxe5 Nxe5 12. Nxe5 dxe5 13. Bc4 Nh5 14. Qf3 Nf4
15. Ne2 Be6 16. Bxe6 Nxe6 17. Rd1 f5 18. Be3 Kh8 19. Rd3 f4 20. Bd2 Ng5 21. Qg4
Nxe4 22. Bc3 Rf5 23. f3 Nc5 24. Rd2 Rd8 25. Qh4 Rxd2 26. Bxd2 g5 27. Qg4 Qf7
28. h4 h5 29. Qh3 Ne6 30. Bc3 Qg6 31. Rd1 g4 32. fxg4 hxg4 33. Qd3 c5 34. Qe4
Nd4 35. Bxd4 cxd4 36. c3 dxc3 37. Nxc3 Kh7 38. Rd7 Rh5 39. Rd6 Qf5 40. Qxf5+
Rxf5 41. Ne4 Kg8 42. g3 Bf8 43. Rg6+ Kf7 44. Rxg4 fxg3 45. Kg2 Be7 46. Nxg3 Rf4
47. Rxf4+ exf4 48. Nh5 Bxh4 49. Nxf4 Kf6 50. Kf3 Kf5 51. Nd3 Bg5 52. Nb4 Bf6
53. b3 Ke6 54. Ke4 Kd6 55. Kd3 Kc5 56. Na6+ Kd5 57. Nb4+ Kc5 58. Na6+ Kc6 59.
Kc4 Be7 60. Nb4+ Bxb4 1/2-1/2

[Event "Championship Meridian 2015"]
[Site "?"]
[Date "2015.07.19"]
[Round "7.7"]
[White "Emeliantsev, Anatoliy"]
[Black "Kokarev, Dmitry"]
[Result "0-1"]
[WhiteElo "2354"]
[BlackElo "2575"]
[PlyCount "50"]
[EventDate "2015.??.??"]

1. d4 Nf6 2. c4 g6 3. Nc3 Bg7 4. e4 d6 5. f3 O-O 6. Be3 c5 7. dxc5 dxc5 8. Qxd8
Rxd8 9. Bxc5 Nc6 10. Ba3 b6 11. Rd1 Ba6 12. Nd5 e6 13. Nc7 Rxd1+ 14. Kxd1 Rd8+
15. Ke1 Bb7 16. Nb5 Nh5 17. g4 Nf4 18. Nh3 Nxh3 19. Bxh3 Ne5 20. Nd6 Bc6 21.
Ke2 g5 22. Rd1 Ng6 23. Ke3 Be5 24. Bf1 Bxh2 25. c5 bxc5 0-1

[Event "Championship Meridian 2015"]
[Site "?"]
[Date "2015.07.19"]
[Round "7.8"]
[White "Pavlovskiy, Mikhail"]
[Black "Babiy, Anatoly"]
[Result "0-1"]
[WhiteElo "2230"]
[BlackElo "2364"]
[PlyCount "110"]
[EventDate "2015.??.??"]

1. e4 c5 2. Nf3 e6 3. d4 cxd4 4. Nxd4 a6 5. c4 Nf6 6. Nc3 Qc7 7. Bd3 Bc5 8. Nc2
Nc6 9. Be3 Be7 10. f4 d6 11. O-O b6 12. Qe2 O-O 13. h3 Bb7 14. Nd4 Nb4 15. Bb1
Rac8 16. a3 Nc6 17. Nb3 Nd7 18. Nd2 Bf6 19. Rc1 Rfe8 20. Ba2 Ne7 21. Qf2 Nc5
22. Bb1 Rb8 23. Ra2 Ba8 24. b4 Nd7 25. Rac2 Rec8 26. Ne2 g6 27. Nd4 Bg7 28.
N4b3 Nf6 29. Ra2 Bc6 30. Bd3 Qb7 31. Qf3 Qa8 32. Rac2 Ba4 33. Qe2 Bxb3 34. Nxb3
Nxe4 35. Bd4 Nf6 36. Qf2 Qb7 37. Qh4 Ne8 38. Bxg7 Nxg7 39. Nd4 e5 40. fxe5 dxe5
41. Nf3 Nef5 42. Bxf5 Nxf5 43. Qf6 Re8 44. Ng5 h6 45. g4 Nd4 46. Rf2 hxg5 47.
Rcf1 Re6 48. Qxg5 Rf8 49. h4 e4 50. Qe3 Nf3+ 51. Kg2 Nxh4+ 52. Kg3 Nf3 53. Rh1
Qc7+ 54. Kg2 g5 55. Qc3 Qe5 0-1

[Event "Championship Meridian 2015"]
[Site "?"]
[Date "2015.07.19"]
[Round "7.9"]
[White "Sek, Konstantin"]
[Black "Lian, Yury"]
[Result "1-0"]
[WhiteElo "2445"]
[BlackElo "2256"]
[PlyCount "71"]
[EventDate "2015.??.??"]

1. e4 d5 2. exd5 Nf6 3. Bb5+ Bd7 4. Be2 Nxd5 5. d4 Bf5 6. Nf3 e6 7. O-O Be7 8.
c4 Nb6 9. Qb3 c5 10. Rd1 Qc8 11. Nc3 O-O 12. Be3 Nc6 13. dxc5 Nd7 14. Na4 Nde5
15. Nxe5 Nxe5 16. Qc3 Nc6 17. Rac1 Bf6 18. Qe1 Qc7 19. a3 a5 20. Nc3 a4 21. Nb5
Qe7 22. Rd2 Rad8 23. Rcd1 Rxd2 24. Qxd2 Rd8 25. Nd6 Be5 26. f4 Bf6 27. g4 Bg6
28. g5 Bxg5 29. fxg5 e5 30. h4 h6 31. h5 Bh7 32. g6 Bxg6 33. hxg6 fxg6 34. Bf3
e4 35. Bxe4 Rxd6 36. Qxd6 1-0

[Event "Championship Meridian 2015"]
[Site "?"]
[Date "2015.07.19"]
[Round "7.10"]
[White "Feduk, Viktor"]
[Black "Keosidi, Konstantin"]
[Result "0-1"]
[WhiteElo "2208"]
[BlackElo "2418"]
[PlyCount "82"]
[EventDate "2015.??.??"]

1. e4 e5 2. Nf3 Nf6 3. Nxe5 d6 4. Nf3 Nxe4 5. d4 d5 6. Bd3 Nc6 7. O-O Be7 8. c4
Nb4 9. Nc3 Nxd3 10. Qxd3 Nxc3 11. bxc3 O-O 12. Re1 Bf6 13. Ba3 Re8 14. Rxe8+
Qxe8 15. Re1 Qa4 16. cxd5 Bd7 17. c4 b5 18. c5 b4 19. Bc1 g6 20. Ne5 Bf5 21.
Qf3 b3 22. Bb2 bxa2 23. g4 Bxe5 24. dxe5 Bxg4 25. Qc3 Bf5 26. e6 Qg4+ 27. Kf1
Qh3+ 28. Qxh3 Bxh3+ 29. Kg1 fxe6 30. dxe6 Re8 31. e7 Kf7 32. Re3 Be6 33. Ra3
Ra8 34. Kg2 Kxe7 35. Be5 Kd7 36. Kf3 Bd5+ 37. Ke3 a5 38. Ra4 Bb3 39. Rh4 Re8
40. Rxh7+ Kd8 41. Rh8 Bg8 0-1

[Event "Championship Meridian 2015"]
[Site "?"]
[Date "2015.07.19"]
[Round "8.1"]
[White "Papin, Vasily"]
[Black "Savchenko, Boris"]
[Result "0-1"]
[WhiteElo "2518"]
[BlackElo "2674"]
[PlyCount "96"]
[EventDate "2015.??.??"]

1. d4 Nf6 2. Nf3 e6 3. c4 c5 4. g3 cxd4 5. Nxd4 Qc7 6. Nc3 a6 7. Bg2 Qxc4 8.
O-O Nc6 9. Nb3 d5 10. Bf4 Qb4 11. Rc1 Bd7 12. a3 Qb6 13. Na4 Qb5 14. Nc3 Qb6
15. Na4 Qd8 16. Be3 Bd6 17. Nb6 Rb8 18. Nc5 Ne7 19. Ncxd7 Nxd7 20. Qa4 Nf5 21.
Nxd7 Qxd7 22. Qb3 Nxe3 23. Qxe3 O-O 24. Rc2 f5 25. Qd3 Rf6 26. e3 g5 27. Rd1 g4
28. e4 fxe4 29. Bxe4 Rbf8 30. Bg2 Qf7 31. Qe3 Qh5 32. Rd4 Kh8 33. Rc1 Rxf2 34.
Qxe6 Bxg3 35. hxg3 Rxg2+ 36. Kxg2 Qh3+ 37. Kg1 Qxg3+ 38. Kh1 Qf3+ 39. Kg1 Qf2+
40. Kh1 Qxd4 41. Rc8 Qf4 42. Rxf8+ Qxf8 43. Qe5+ Kg8 44. Qxd5+ Qf7 45. Qg5+ Kf8
46. Qd8+ Kg7 47. Qd4+ Kh6 48. Qxg4 Qh5+ 0-1

[Event "Championship Meridian 2015"]
[Site "?"]
[Date "2015.07.19"]
[Round "8.2"]
[White "Goganov, Aleksey"]
[Black "Rozum, Ivan"]
[Result "1/2-1/2"]
[WhiteElo "2601"]
[BlackElo "2579"]
[PlyCount "39"]
[EventDate "2015.??.??"]

1. d4 Nf6 2. c4 g6 3. g3 Bg7 4. Bg2 c5 5. Nf3 O-O 6. O-O cxd4 7. Nxd4 d5 8.
cxd5 Nxd5 9. Nb5 Be6 10. Nd4 Bc8 11. Nb5 Be6 12. Bxd5 Bxd5 13. N1c3 Bxc3 14.
Nxc3 Be6 15. Bh6 Qxd1 16. Rfxd1 Rc8 17. Rd2 Nc6 18. Rad1 f6 19. Nd5 Kf7 20. Be3
1/2-1/2

[Event "Championship Meridian 2015"]
[Site "?"]
[Date "2015.07.19"]
[Round "8.3"]
[White "Kokarev, Dmitry"]
[Black "Pridorozhni, Aleksei"]
[Result "1/2-1/2"]
[WhiteElo "2575"]
[BlackElo "2582"]
[PlyCount "20"]
[EventDate "2015.??.??"]

1. e4 e5 2. Nf3 Nc6 3. Bb5 Nf6 4. d3 Bc5 5. c3 d6 6. O-O O-O 7. Nbd2 Bb6 8. Ba4
Ne7 9. h3 c6 10. Re1 Ng6 1/2-1/2

[Event "Championship Meridian 2015"]
[Site "?"]
[Date "2015.07.19"]
[Round "8.4"]
[White "Zablotsky, Sergei"]
[Black "Yanchenko, Roman"]
[Result "1-0"]
[WhiteElo "2455"]
[BlackElo "2457"]
[PlyCount "99"]
[EventDate "2015.??.??"]

1. g3 d5 2. Nf3 Nf6 3. Bg2 e6 4. O-O Be7 5. d3 O-O 6. Nbd2 c5 7. e4 Nc6 8. e5
Nd7 9. Re1 Qc7 10. Qe2 b6 11. h4 Bb7 12. Nf1 Rac8 13. Bf4 Rfe8 14. N1h2 d4 15.
h5 Nb4 16. h6 g6 17. Ng4 c4 18. Nxd4 Bxg2 19. Kxg2 cxd3 20. cxd3 Qb7+ 21. Qe4
Nc5 22. Qxb7 Nxb7 23. Red1 Red8 24. Nf3 Rc2 25. Bg5 Bxg5 26. Nxg5 Nd5 27. d4
Rdc8 28. Ne4 Kh8 29. Nef6 Ne7 30. b4 Nd8 31. d5 exd5 32. Nxd5 Nf5 33. Nde3
Nxe3+ 34. Nxe3 R2c6 35. Rd7 f6 36. Rad1 Ne6 37. Re7 Ng5 38. Rdd7 fxe5 39. Rxe5
Ne6 40. b5 R6c7 41. Rxc7 Nxc7 42. a4 Re8 43. Rxe8+ Nxe8 44. Kf3 Nc7 45. Ke4 Ne6
46. Kd5 Nc5 47. a5 Kg8 48. Kc6 Ne4 49. a6 Kf7 50. Kb7 1-0

[Event "Championship Meridian 2015"]
[Site "?"]
[Date "2015.07.19"]
[Round "8.5"]
[White "Sutormin, Danila"]
[Black "Maletin, Pavel"]
[Result "0-1"]
[WhiteElo "2332"]
[BlackElo "2609"]
[PlyCount "90"]
[EventDate "2015.??.??"]

1. e4 c5 2. Nc3 Nc6 3. Nf3 e6 4. d4 cxd4 5. Nxd4 Qc7 6. Be3 a6 7. Qd2 Nf6 8. f3
b5 9. O-O-O Ne5 10. Nb3 d6 11. Kb1 Rb8 12. Qf2 b4 13. Ne2 a5 14. Ned4 Bd7 15.
g4 h6 16. c4 bxc3 17. Rc1 a4 18. Rxc3 Qd8 19. Nc1 d5 20. Bf4 Bd6 21. Bxe5 Bxe5
22. Nd3 Bxd4 23. Qxd4 dxe4 24. fxe4 O-O 25. Ne5 Bb5 26. Qxd8 Rfxd8 27. Bg2 Rd2
28. Rc2 Rxc2 29. Kxc2 Rc8+ 30. Kd2 Rc5 31. Nd3 Bxd3 32. Kxd3 Nxg4 33. Rb1 Nxh2
34. b4 axb3 35. axb3 Rg5 36. Rb2 Ng4 37. b4 Ne5+ 38. Kd4 Nd7 39. b5 Nb6 40. Bf1
e5+ 41. Kd3 h5 42. Ra2 h4 43. Kc3 Rg1 44. Rf2 h3 45. Bc4 Rc1+ {Kd4} 0-1

[Event "Championship Meridian 2015"]
[Site "?"]
[Date "2015.07.19"]
[Round "8.6"]
[White "Shomoev, Anton"]
[Black "Babiy, Anatoly"]
[Result "1-0"]
[WhiteElo "2580"]
[BlackElo "2364"]
[PlyCount "43"]
[EventDate "2015.??.??"]

1. e4 c5 2. Nf3 e6 3. d4 cxd4 4. Nxd4 a6 5. Be2 Nf6 6. Nc3 Qc7 7. O-O Nc6 8.
Be3 Be7 9. f4 d6 10. a4 O-O 11. Kh1 Rb8 12. a5 Nxa5 13. e5 Ne8 14. Bd3 g6 15.
Qf3 Nc6 16. Qg3 Ng7 17. Ne4 Nxd4 18. exd6 Bxd6 19. Nf6+ Kh8 20. Bxd4 e5 21. Qh4
h5 22. Qg5 1-0

[Event "Championship Meridian 2015"]
[Site "?"]
[Date "2015.07.19"]
[Round "8.7"]
[White "Rychkov, Oleg"]
[Black "Sek, Konstantin"]
[Result "1-0"]
[WhiteElo "2329"]
[BlackElo "2445"]
[PlyCount "113"]
[EventDate "2015.??.??"]

1. Nf3 Nf6 2. c4 c5 3. b3 d6 4. Bb2 e5 5. Nc3 Nc6 6. e3 Be7 7. d4 cxd4 8. exd4
e4 9. d5 exf3 10. dxc6 bxc6 11. Qxf3 Bb7 12. Bd3 O-O 13. O-O d5 14. cxd5 cxd5
15. Rfd1 Rb8 16. Nb5 a6 17. Nd4 Nd7 18. Nf5 Bf6 19. Bxf6 Nxf6 20. Rac1 Re8 21.
Qg3 g6 22. Rc7 Nd7 23. Rxb7 Rxb7 24. Nd6 Rb6 25. Nxe8 Qxe8 26. h4 Re6 27. Bf1
Nf6 28. Qc3 h5 29. g3 Qe7 30. Bxa6 Ne4 31. Qc8+ Kg7 32. Bd3 Qf6 33. Bxe4 dxe4
34. Qd8 Qf3 35. Qd4+ Kh7 36. Re1 Qf5 37. Re3 Kg8 38. Rc3 Kh7 39. Kg2 Rf6 40. a4
Re6 41. a5 g5 42. hxg5 Qxg5 43. Rc5 Qg4 44. Qe3 Rf6 45. Rg5 Qf3+ 46. Qxf3 exf3+
47. Kh2 Kh6 48. Rb5 Kg7 49. b4 Re6 50. Rf5 Re4 51. b5 Ra4 52. a6 Ra5 53. Rxh5
Kg6 54. g4 Ra3 55. Kg3 f6 56. Rf5 Ra5 57. Rxf3 1-0

[Event "Championship Meridian 2015"]
[Site "?"]
[Date "2015.07.19"]
[Round "8.8"]
[White "Keosidi, Konstantin"]
[Black "Borodinov, Dmitri"]
[Result "1-0"]
[WhiteElo "2418"]
[BlackElo "2331"]
[PlyCount "75"]
[EventDate "2015.??.??"]

1. e4 Nf6 2. Nc3 d5 3. e5 Nfd7 4. f4 e6 5. Nf3 c5 6. d3 Nc6 7. g3 Be7 8. Bg2
O-O 9. O-O Rb8 10. Ne2 b5 11. g4 a5 12. Ng3 f6 13. exf6 Bxf6 14. g5 Be7 15. Bh3
Nb6 16. Re1 Bd6 17. Bxe6+ Bxe6 18. Rxe6 Qd7 19. Qe2 Bxf4 20. Bxf4 Rxf4 21. Re3
d4 22. Re4 Nd5 23. Ne5 Nxe5 24. Rxf4 Nxf4 25. Qxe5 Rf8 26. Rf1 Qg4 27. Kh1 g6
28. Qxc5 Rf5 29. Qxd4 Qxg5 30. Qe4 Rf6 31. d4 h5 32. Qe5 Rf5 33. Qe8+ Rf8 34.
Qe5 Rf5 35. Qe8+ Rf8 36. Qe5 Rf5 37. Qe4 h4 38. Nxf5 1-0

[Event "Championship Meridian 2015"]
[Site "?"]
[Date "2015.07.19"]
[Round "8.9"]
[White "Daudov, Dmitriy"]
[Black "Pevzner, Lev"]
[Result "1/2-1/2"]
[WhiteElo "2288"]
[BlackElo "2373"]
[PlyCount "32"]
[EventDate "2015.??.??"]

1. e4 c5 2. Nf3 Nc6 3. Bb5 e6 4. O-O Nge7 5. Re1 a6 6. Bf1 d5 7. d3 h6 8. b3 d4
9. a4 e5 10. Nbd2 g5 11. Nc4 Ng6 12. a5 Be6 13. Nb6 Rb8 14. Nd5 Bd6 15. Nd2 Nf4
16. Nc4 Ra8 1/2-1/2

[Event "Championship Meridian 2015"]
[Site "?"]
[Date "2015.07.19"]
[Round "8.10"]
[White "Smirnov, Pavel"]
[Black "Pavlovskiy, Mikhail"]
[Result "1-0"]
[WhiteElo "2656"]
[BlackElo "2230"]
[PlyCount "149"]
[EventDate "2015.??.??"]

1. d4 d5 2. c4 c6 3. cxd5 cxd5 4. Bf4 Nc6 5. e3 e6 6. Nc3 a6 7. Bd3 Nf6 8. Nf3
Bd6 9. Ne5 Qc7 10. Rc1 Nxe5 11. dxe5 Bxe5 12. Nxd5 Qa5+ 13. Nc3 Bxf4 14. exf4
O-O 15. O-O Bd7 16. Qb3 Bc6 17. Rfe1 Rfd8 18. Bf1 Rd2 19. Rc2 Rad8 20. Re2 R2d4
21. Re5 Qb4 22. Qxb4 Rxb4 23. g3 Rbd4 24. Bg2 Bxg2 25. Kxg2 g6 26. Ree2 b5 27.
Nb1 Kf8 28. Nd2 R4d6 29. Nf3 Rd1 30. Ne5 Nd7 31. Nc6 Rc8 32. Nb4 Rxc2 33. Rxc2
a5 34. Nc6 a4 35. Na7 b4 36. Nc6 b3 37. axb3 axb3 38. Rc3 Rd2 39. Rxb3 Nc5 40.
Rb8+ Kg7 41. Kf3 Rc2 42. Ne5 f6 43. Ng4 h5 44. Ne3 Rd2 45. Nf1 Rc2 46. Rc8 Rc1
47. Ne3 Kf7 48. Rc7+ Ke8 49. Rg7 Nd3 50. Rxg6 Kf7 51. Rh6 Rb1 52. Ke2 Nc5 53.
Nc4 Rc1 54. Nd2 Rc2 55. Ke3 Rxb2 56. Rxh5 Nb7 57. Rh7+ Kg6 58. Rc7 Nd6 59. g4
Ra2 60. h4 Ra3+ 61. Ke2 Ra4 62. h5+ Kh6 63. Rc6 Rd4 64. Nb3 Rd5 65. Rc5 f5 66.
Rxd5 exd5 67. f3 Nb5 68. Kd3 Na3 69. Nd4 fxg4 70. fxg4 Nc4 71. Nf5+ Kh7 72. g5
Nb6 73. g6+ Kg8 74. h6 Nd7 75. Ne7+ 1-0

[Event "Championship Meridian 2015"]
[Site "?"]
[Date "2015.07.20"]
[Round "9.1"]
[White "Savchenko, Boris"]
[Black "Goganov, Aleksey"]
[Result "1-0"]
[WhiteElo "2674"]
[BlackElo "2601"]
[PlyCount "99"]
[EventDate "2015.??.??"]

1. e4 e6 2. d4 d5 3. Nc3 Bb4 4. e5 c5 5. a3 Bxc3+ 6. bxc3 Ne7 7. Qg4 cxd4 8.
Qxg7 Rg8 9. Qxh7 Qc7 10. Ne2 Nbc6 11. f4 dxc3 12. Rb1 d4 13. Qe4 Bd7 14. Rg1
Nf5 15. g4 Nfe7 16. Nxd4 Nxd4 17. Qxd4 Bc6 18. Rg3 Nd5 19. Bb5 a6 20. Be2 O-O-O
21. Qc5 f6 22. exf6 Nxf4 23. f7 Rgf8 24. Bxf4 Qxf4 25. Qxc3 Qxf7 26. Bf3 e5 27.
Rxb7 Qxb7 28. Qxc6+ Qxc6 29. Bxc6 Rd4 30. Bf3 e4 31. Be2 Kd7 32. h4 Kd6 33. g5
Ke5 34. h5 Kf4 35. Rg4+ Ke3 36. g6 Rb8 37. Rg3+ Kf4 38. Rb3 Rg8 39. Rh3 Rb8 40.
h6 Rdd8 41. g7 e3 42. Bd3 Rxd3 43. cxd3 Rb1+ 44. Ke2 Rb2+ 45. Kd1 Rb1+ 46. Kc2
e2 47. Rh4+ Kf5 48. g8=Q e1=Q 49. Qf7+ Kg5 50. Rh5+ 1-0

[Event "Championship Meridian 2015"]
[Site "?"]
[Date "2015.07.20"]
[Round "9.2"]
[White "Maletin, Pavel"]
[Black "Keosidi, Konstantin"]
[Result "1-0"]
[WhiteElo "2609"]
[BlackElo "2418"]
[PlyCount "83"]
[EventDate "2015.??.??"]

1. d4 d5 2. c4 e6 3. Nf3 Nf6 4. Nc3 c6 5. Bg5 dxc4 6. e4 b5 7. e5 h6 8. Bh4 g5
9. Nxg5 hxg5 10. Bxg5 Nbd7 11. g3 Bb7 12. Bg2 Qb6 13. exf6 c5 14. d5 O-O-O 15.
O-O b4 16. Na4 Qb5 17. a3 exd5 18. axb4 cxb4 19. h4 Bh6 20. Qd4 Bxg5 21. hxg5
Rde8 22. g6 fxg6 23. f7 Rd8 24. Rfe1 Qc6 25. b3 Qf6 26. Qxa7 c3 27. Nc5 Qb6 28.
Nxd7 Qxa7 29. Rxa7 Rxd7 30. Bh3 Kb8 31. Rxb7+ Rxb7 32. Re8+ Ka7 33. Rxh8 Rxf7
34. Rc8 d4 35. Bf1 Rd7 36. Bd3 Kb6 37. Rc4 Ra7 38. Rxd4 Ra1+ 39. Kg2 Rd1 40.
Rxb4+ Ka5 41. Ra4+ Kb6 42. Bxg6 1-0

[Event "Championship Meridian 2015"]
[Site "?"]
[Date "2015.07.20"]
[Round "9.3"]
[White "Pridorozhni, Aleksei"]
[Black "Rychkov, Oleg"]
[Result "0-1"]
[WhiteElo "2582"]
[BlackElo "2329"]
[PlyCount "48"]
[EventDate "2015.??.??"]

1. e4 e5 2. Nf3 Nf6 3. Nxe5 d6 4. Nxf7 Kxf7 5. Nc3 Be6 6. d4 Be7 7. f4 c6 8.
Bd3 Re8 9. O-O Kg8 10. Kh1 Bf8 11. e5 Nd5 12. f5 Nxc3 13. bxc3 Bd5 14. e6 Bxe6
15. fxe6 Rxe6 16. d5 Rf6 17. Rb1 Rxf1+ 18. Qxf1 Qe7 19. Bd2 g6 20. Qf3 c5 21.
Qg4 Na6 22. h4 Bg7 23. h5 gxh5 24. Qxh5 Be5 0-1

[Event "Championship Meridian 2015"]
[Site "?"]
[Date "2015.07.20"]
[Round "9.4"]
[White "Kokarev, Dmitry"]
[Black "Shomoev, Anton"]
[Result "1-0"]
[WhiteElo "2575"]
[BlackElo "2580"]
[PlyCount "77"]
[EventDate "2015.??.??"]

1. e4 g6 2. d4 Bg7 3. Nc3 d6 4. Be3 a6 5. Qd2 Nd7 6. h4 Ngf6 7. f3 b5 8. g4 h6
9. a4 b4 10. Na2 a5 11. c3 bxc3 12. Nxc3 Nb6 13. Nh3 c6 14. Nf4 h5 15. g5 Nfd7
16. Kf2 O-O 17. Rd1 Bb7 18. Be2 Qc7 19. Rc1 Rad8 20. Ncd5 Nxd5 21. Nxd5 Qb8 22.
Nxe7+ Kh7 23. Nxc6 Bxc6 24. Rxc6 f5 25. exf5 Rxf5 26. Bd3 Rf7 27. Qc2 Nf8 28.
Rc1 Re8 29. d5 Rxe3 30. Kxe3 Qa7+ 31. Ke2 Qd4 32. Be4 Qe5 33. Kf1 Qg3 34. Rc4
Kh8 35. Qf2 Qe5 36. Rc8 Kh7 37. R1c7 Rxc7 38. Rxc7 Qf4 39. Qd4 1-0

[Event "Championship Meridian 2015"]
[Site "?"]
[Date "2015.07.20"]
[Round "9.5"]
[White "Rozum, Ivan"]
[Black "Zablotsky, Sergei"]
[Result "1/2-1/2"]
[WhiteElo "2579"]
[BlackElo "2455"]
[PlyCount "57"]
[EventDate "2015.??.??"]

1. d4 d6 2. Nf3 g6 3. c4 Bg7 4. Nc3 e5 5. g3 Ne7 6. Bg2 exd4 7. Nxd4 Nbc6 8.
Nc2 O-O 9. O-O Be6 10. Nd5 Ne5 11. b3 c6 12. Nf4 Bf5 13. Nd4 Bd7 14. Bb2 Qc7
15. Qc2 a5 16. Rfd1 a4 17. Bc3 Rfe8 18. Rd2 axb3 19. axb3 Rxa1+ 20. Bxa1 Ra8
21. Bc3 Nf5 22. Qd1 Ne7 23. h3 Qb6 24. e3 Ra3 25. Bb2 Ra2 26. Bc3 Ra3 27. Bb2
Ra2 28. Qb1 Ra8 29. Qd1 1/2-1/2

[Event "Championship Meridian 2015"]
[Site "?"]
[Date "2015.07.20"]
[Round "9.6"]
[White "Pevzner, Lev"]
[Black "Smirnov, Pavel"]
[Result "0-1"]
[WhiteElo "2373"]
[BlackElo "2656"]
[PlyCount "54"]
[EventDate "2015.??.??"]

1. c4 e6 2. Nc3 d5 3. d4 c6 4. e4 dxe4 5. Nxe4 Bb4+ 6. Nc3 e5 7. a3 Bxc3+ 8.
bxc3 Qa5 9. Nf3 e4 10. Nd2 Qxc3 11. Rb1 Nf6 12. Bb2 Qa5 13. Be2 Qg5 14. Kf1 O-O
15. h4 Qf5 16. Kg1 b6 17. Nf1 Ng4 18. Bxg4 Qxg4 19. Qd2 f5 20. Ne3 Qh5 21. d5
f4 22. Qd4 Qh6 23. Nf1 Bf5 24. Re1 Na6 25. g3 Nc5 26. Re2 Bg4 27. Rd2 Nb3 0-1

[Event "Championship Meridian 2015"]
[Site "?"]
[Date "2015.07.20"]
[Round "9.7"]
[White "Bocharov, Dmitry"]
[Black "Daudov, Dmitriy"]
[Result "1-0"]
[WhiteElo "2530"]
[BlackElo "2288"]
[PlyCount "77"]
[EventDate "2015.??.??"]

1. Nf3 Nf6 2. c4 d6 3. d4 g6 4. g3 Bg7 5. Bg2 O-O 6. O-O Nc6 7. Nc3 Bg4 8. d5
Na5 9. Nd2 c5 10. h3 Bd7 11. Qc2 e5 12. b3 a6 13. Bb2 b5 14. Rab1 Bh6 15. e3
Bf5 16. e4 Bd7 17. f4 Nh5 18. Ne2 f6 19. Kh2 Rb8 20. Bc3 b4 21. Bb2 Qe7 22. Rf2
Nb7 23. Rbf1 a5 24. Qd3 a4 25. Bf3 axb3 26. axb3 Ra8 27. Bxh5 gxh5 28. Nf3 Ra2
29. Qb1 Rxb2 30. Qxb2 exf4 31. Nxf4 Bxf4 32. gxf4 Qxe4 33. Nh4 Kf7 34. Re2 Qd3
35. Rf3 Qd1 36. Rfe3 Re8 37. Rxe8 Bxe8 38. Nf5 Kg6 39. Re6 1-0

[Event "Championship Meridian 2015"]
[Site "?"]
[Date "2015.07.20"]
[Round "9.8"]
[White "Yanchenko, Roman"]
[Black "Papin, Vasily"]
[Result "0-1"]
[WhiteElo "2457"]
[BlackElo "2518"]
[PlyCount "116"]
[EventDate "2015.??.??"]

1. d4 Nf6 2. c4 e6 3. Nf3 d5 4. Nc3 c6 5. e3 Nbd7 6. Qc2 Bd6 7. Bd3 dxc4 8.
Bxc4 b5 9. Bd3 Bb7 10. O-O O-O 11. Bd2 a6 12. a4 b4 13. Ne4 Nxe4 14. Bxe4 f5
15. Bd3 c5 16. Be2 Rc8 17. dxc5 Nxc5 18. Bxb4 Bxf3 19. Bxf3 Qh4 20. Rfd1 Bxh2+
21. Kf1 Qxb4 22. Rd4 Qb8 23. Rc4 Nb3 24. Rd1 Be5 25. Rd7 Na1 26. Qd3 Qb3 27.
Be2 Qxd3 28. Bxd3 Rcd8 29. Rxd8 Rxd8 30. Ke2 Bxb2 31. Rc6 a5 32. Bc4 g6 33.
Bxe6+ Kg7 34. Rc5 Ra8 35. Kd3 Ra7 36. f3 h5 37. e4 fxe4+ 38. fxe4 Kf6 39. Ba2
g5 40. Ke3 Ra6 41. Kf3 Be5 42. Bc4 Rb6 43. Rxa5 Nc2 44. Ra6 Rxa6 45. Bxa6 Bc7
46. Bc4 Nd4+ 47. Kf2 Ke5 48. Bd3 Kf4 49. Bb1 h4 50. Bd3 Nb3 51. Bc2 Nc5 52. e5
Bxe5 53. g3+ hxg3+ 54. Kg2 Bc7 55. Bd1 g4 56. Bc2 Bb6 57. Bd1 Nd3 58. Bb3 Ne1+
0-1